000 00325 a2200157 4500
001 44736
020 _a8530501209
040 _cAnchieta - Aquarius
100 _aMuniz, Flávia
240 1 0 _a*Vira e mexe
_lpor
245 1 0 _a*Vira e mexe
300 _a31
362 0 _a1997
650 4 _aLiteratura infantil
942 _cBK
999 _c44736
_d44736